000 00548nam a2200193 a 4500
001 3206
005 20140414131928.0
008 040227s19uu xx 00 eng d
020 _a0-7214-9920-1
050 _aER
_bP96 1999
100 _aBaxter, Nicola
245 _aPuss in boots /
_cretold by Nicola Baxter ; illustrated by Martin Remphry.
260 _aLeiterceshire, England :
_bLadybir,
_c1999.
300 _a1 v. p . : ill. ; cm.
440 _aEnchanted tales
650 _aFolk tales.
650 _aChildren stories.
999 _c112138
_d112138